000 00878nam a22002537a 4500
005 2010080205235.0
010 _aENG-97920
020 _a9788120341180
_c550.00
035 _aEN-81453
037 _bDBAD/PUB
082 _a005.71376
100 _aStanek, William R.
_95187
245 _aMicrosoft exchange server 2010 :
_cby William R. Stanek
_badministrator's pocket consultan
260 _aNew Delhi
_bPHI learning
_c2010
270 _aM-97, Connaught Circus,
_bNew Delhi
_e110001
300 _a664 p.
_c22cm (Pbk)
500 _aIncludes index
650 _aClient server computing
_95188
650 _aMicrosoft exchange server
_95189
700 _94162
700 _95167
942 _2ddc
_cEN
_h005.71376
_mSTA
999 _c38976
_d38976